Fr. Conceicao Rodrigues College of Engineering

INDUSTRIAL ENGG.AND MANAGEMENT (Record no. 20748)

MARC details
000 -LEADER
fixed length control field 00311nam a2200145Ia 4500
082 ## - DEWEY DECIMAL CLASSIFICATION NUMBER
Classification number 658.5/TEL
100 ## - MAIN ENTRY--PERSONAL NAME
Personal name MARTAND TELSANG
245 ## - TITLE STATEMENT
Title INDUSTRIAL ENGG.AND MANAGEMENT
260 ## - PUBLICATION, DISTRIBUTION, ETC.
Name of publisher, distributor, etc. S.Chand
Place of publication, distribution, etc. New Delhi
Date of publication, distribution, etc. 2016
366 ## - TRADE AVAILABILITY INFORMATION
Publishers's discount category 20
300 ## - PHYSICAL DESCRIPTION
Extent 687
546 ## - LANGUAGE NOTE
Language note ENGLISH
650 ## - SUBJECT ADDED ENTRY--TOPICAL TERM
Topical term or geographic name entry element PRODUCTION
942 ## - ADDED ENTRY ELEMENTS (KOHA)
Koha item type BOOK
Holdings
Withdrawn status Lost status Damaged status Not for loan Collection Home library Current library Date acquired Source of acquisition Cost, normal purchase price Inventory number Total Checkouts Full call number Barcode Date last seen Date last checked out Cost, replacement price Price effective from Koha item type
        AFT Fr. Agnel's C.Rodrigues College of Engineering AGNEL TECHNICAL COLLEGE LIBRARY 17/03/2023 ALLIED PUBL. 505.00 CR/000041/30/03/2018 1 658.5/TEL AFT8306 05/08/2024 02/08/2024 525.00   BOOK
        AFT Fr. Agnel's C.Rodrigues College of Engineering Fr. Agnel's C.Rodrigues College of Engineering 17/03/2023 ALLIED PUBL. 505.00 CR/000041/30/03/2018 1 658.5/TEL AFT8304 24/08/2024 06/08/2024 525.00   BOOK
        AFT Fr. Agnel's C.Rodrigues College of Engineering Fr. Agnel's C.Rodrigues College of Engineering 17/03/2023 ALLIED PUBL. 505.00 CR/000041/30/03/2018   658.5/TEL AFT8305 17/03/2023   525.00   BOOK